[Event "NOR-chB"]
[Site "Oslo"]
[Date "2023.07.03"]
[Round "3"]
[White "Dahl, Max"]
[Black "Manne, Per Erik"]
[Result "1/2-1/2"]
[WhiteElo "2169"]
[BlackElo "2197"]
[PlyCount "72"]
[EventDate "2023.06.30"]
[EventType "swiss"]
[EventRounds "9"]
[EventCountry "NOR"]
[SourceTitle "EXT 2024"]
[Source "ChessBase"]
[SourceDate "2023.10.10"]
[SourceVersion "1"]
[SourceVersionDate "2023.10.10"]
[SourceQuality "1"]

1. e4 e5 2. Nf3 Nc6 3. Nc3 Nf6 4. g3 g6 5. d4 exd4 6. Nxd4 Bg7 7. Bg2 Nxd4 8. Qxd4 0-0 9. 0-0 d6 10. Qd3 Re8 11. Bd2 Nd7 12. Qe2 a6 13. Rfe1 Ne5 14. Nd5 Bg4 15. f3 Be6 16. Ne3 Nc6 17. c3 d5 18. exd5 Bxd5 19. Qf2 Be6 20. f4 Qd6 21. b3 Rad8 22. Rad1 Qc5 23. Nc4 Qh5 24. Bf3 Bg4 25. Bxg4 Qxg4 26. Ne3 Qh5 27. Kg2 Rd3 28. Nf1 Qd5+ 29. Kg1 Rd8 30. Rc1 Rf3 31. Qg2 Rd3 32. Qxd5 R3xd5 33. Rc2 Rd3 34. Re3 Kf8 35. Rxd3 Rxd3 36. Kf2 h5 1/2-1/2

[Event "NOR-chB"]
[Site "Oslo"]
[Date "2023.07.02"]
[Round "2"]
[White "Manne, Per Erik"]
[Black "Hole, Oystein"]
[Result "1/2-1/2"]
[WhiteElo "2197"]
[BlackElo "2267"]
[PlyCount "44"]
[EventDate "2023.06.30"]
[EventType "swiss"]
[EventRounds "9"]
[EventCountry "NOR"]
[SourceTitle "EXT 2024"]
[Source "ChessBase"]
[SourceDate "2023.10.10"]
[SourceVersion "1"]
[SourceVersionDate "2023.10.10"]
[SourceQuality "1"]

1. Nf3 d5 2. d4 Nf6 3. g3 c6 4. Bg2 Bf5 5. 0-0 h6 6. b3 e6 7. Bb2 Nbd7 8. Nbd2 Be7 9. c4 0-0 10. e3 a5 11. Ne5 Nxe5 12. dxe5 Nd7 13. e4 dxe4 14. Nxe4 Nc5 15. Qe2 Nxe4 16. Bxe4 Bxe4 17. Qxe4 Qd2 18. Bd4 Rfd8 19. Rfd1 Qb4 20. Qc2 Bc5 21. Bc3 Qb6 22. Kg2 Rxd1 1/2-1/2

[Event "NOR-chT Elite 1920"]
[Site "Norway"]
[Date "2020.03.07"]
[Round "8.4"]
[White "Predojevic, Borki"]
[Black "Manne, Per Erik"]
[Result "1-0"]
[WhiteElo "2604"]
[BlackElo "2171"]
[PlyCount "69"]
[EventDate "2019.11.01"]
[EventType "team-tourn"]
[EventRounds "9"]
[EventCountry "NOR"]
[SourceTitle "CBM 195 Extra"]
[Source "ChessBase"]
[SourceDate "2020.05.31"]
[SourceVersion "1"]
[SourceVersionDate "2020.05.31"]
[SourceQuality "1"]
[WhiteTeam "Valerenga"]
[BlackTeam "SK 96"]
[WhiteTeamCountry "NOR"]
[BlackTeamCountry "NOR"]

1. Nf3 Nf6 2. c4 e6 3. g3 b6 4. Bg2 Bb7 5. d4 Bb4+ 6. Bd2 Bxd2+ 7. Qxd2 d6 8. Nc3 Nbd7 9. d5 e5 10. 0-0 0-0 11. e4 g6 12. b4 a5 13. a3 Qe7 14. Qc2 Rfc8 15. Nd2 Nh5 16. Bh3 Rd8 17. Rfc1 Nhf6 18. Nb5 c6 19. dxc6 Bxc6 20. Nc3 Rdc8 21. Qd3 Rc7 22. Nd5 Bxd5 23. cxd5 Rac8 24. Rc4 Qd8 25. Ra2 Rxc4 26. Nxc4 Qc7 27. Rc2 Qb8 28. Nd2 axb4 29. axb4 Kf8 30. Rc6 Ke7 31. Qc2 Rd8 32. Nc4 Ne8 33. Bxd7 Rxd7 34. b5 Rb7 35. Qd2 1-0

[Event "NOR-chT Elite 1920"]
[Site "Norway"]
[Date "2020.03.06"]
[Round "7.3"]
[White "Manne, Per Erik"]
[Black "Djurhuus, Rune"]
[Result "1-0"]
[WhiteElo "2171"]
[BlackElo "2460"]
[PlyCount "69"]
[EventDate "2019.11.01"]
[EventType "team-tourn"]
[EventRounds "9"]
[EventCountry "NOR"]
[SourceTitle "CBM 195 Extra"]
[Source "ChessBase"]
[SourceDate "2020.05.31"]
[SourceVersion "1"]
[SourceVersionDate "2020.05.31"]
[SourceQuality "1"]
[WhiteTeam "SK 96"]
[BlackTeam "Nordstrand"]
[WhiteTeamCountry "NOR"]
[BlackTeamCountry "NOR"]

1. Nf3 Nf6 2. b3 g6 3. Bb2 Bg7 4. g3 0-0 5. Bg2 c5 6. 0-0 Nc6 7. c4 d6 8. d3 e5 9. Nc3 h6 10. e3 Be6 11. Rc1 Rc8 12. Nd2 Qd7 13. Nde4 Nh7 14. Nd5 Bxd5 15. cxd5 f5 16. dxc6 bxc6 17. Nc3 g5 18. Na4 g4 19. f4 gxf3 20. Qxf3 Rf7 21. Rc2 Ng5 22. Qh5 Rcf8 23. Rcf2 Qe8 24. h4 Ne6 25. Rxf5 Nf4 26. exf4 Rxf5 27. Qxe8 Rxe8 28. Bxc6 Rd8 29. Be4 Rff8 30. Bd5+ Kh8 31. f5 Rd7 32. Kg2 h5 33. Bc1 Bf6 34. Nc3 Rg7 35. Bh6 1-0

[Event "NOR-chT Club"]
[Site "Bergen"]
[Date "2018.05.11"]
[Round "2.7"]
[White "Manne, Per Erik"]
[Black "Zachariassen, Bjarne"]
[Result "1-0"]
[WhiteElo "2184"]
[BlackElo "1958"]
[PlyCount "39"]
[EventDate "2018.05.10"]
[EventType "team-swiss"]
[EventRounds "6"]
[EventCountry "NOR"]
[SourceTitle "EXT 2019"]
[Source "ChessBase"]
[SourceDate "2018.10.10"]
[SourceVersion "1"]
[SourceVersionDate "2018.10.10"]
[SourceQuality "1"]
[WhiteTeam "SK 96"]
[BlackTeam "Haehre Betonmast"]
[WhiteTeamCountry "NOR"]
[BlackTeamCountry "NOR"]

1. e4 c5 2. Nf3 Nc6 3. d4 cxd4 4. Nxd4 e5 5. Nb5 h6 6. N1c3 Nf6 7. Be3 d6 8. Nd5 Nxd5 9. exd5 Nb8 10. c4 b6 11. Be2 Be7 12. 0-0 0-0 13. f4 Nd7 14. Kh1 exf4 15. Bxf4 Nc5 16. b4 Ne4 17. Bf3 a6 18. Nd4 Nf6 19. Nc6 Qd7 20. Qe1 1-0

[Event "NOR-chT 1617"]
[Site "Norway"]
[Date "2017.01.13"]
[Round "4.3"]
[White "Aulin Jansson, Joran"]
[Black "Manne, Per Erik"]
[Result "1-0"]
[WhiteElo "2280"]
[BlackElo "2150"]
[PlyCount "87"]
[EventDate "2016.10.28"]
[EventType "team-tourn"]
[EventRounds "9"]
[EventCountry "NOR"]
[SourceTitle "EXT 2018"]
[Source "ChessBase"]
[SourceDate "2017.10.13"]
[SourceVersion "1"]
[SourceVersionDate "2017.10.13"]
[SourceQuality "1"]
[WhiteTeam "Asker"]
[BlackTeam "SK 96"]
[WhiteTeamCountry "NOR"]
[BlackTeamCountry "NOR"]

1. d4 d5 2. Nf3 Nf6 3. c4 e6 4. Nc3 Be7 5. Bf4 c6 6. e3 Nbd7 7. h3 Qa5 8. Nd2 0-0 9. a3 a6 10. b4 Qd8 11. c5 Ne8 12. Bd3 f5 13. 0-0 Bf6 14. Nf3 Qe7 15. Bc2 Kh8 16. a4 a5 17. b5 Nxc5 18. Ne5 Bxe5 19. Bxe5 Nd7 20. Bg3 Nef6 21. Rc1 c5 22. dxc5 Nxc5 23. Qd4 b6 24. Be5 Bb7 25. g4 fxg4 26. hxg4 Ncd7 27. Bg3 e5 28. Qd3 e4 29. Qd4 Qc5 30. Rfd1 Rac8 31. Bb3 Qxd4 32. exd4 h6 33. Kg2 Nxg4 34. Bxd5 Bxd5 35. Nxd5 Ngf6 36. Ne7 Rce8 37. Ng6+ Kg8 38. Nxf8 Kxf8 39. d5 Ke7 40. Rc6 Ng4 41. Rd4 Ngf6 42. Bc7 Rc8 43. Bxb6 Rxc6 44. Bd8+ 1-0

[Event "Bergens Spring A"]
[Site "Bergen"]
[Date "2015.04.22"]
[Round "6"]
[White "Haldorsen, Benjamin"]
[Black "Manne, Per Erik"]
[Result "1-0"]
[WhiteElo "2192"]
[BlackElo "2038"]
[PlyCount "77"]
[EventDate "2015.01.20"]
[EventType "tourn"]
[EventRounds "7"]
[EventCountry "NOR"]
[SourceTitle "EXT 2024"]
[Source "ChessBase"]
[SourceDate "2023.10.10"]
[SourceVersion "1"]
[SourceVersionDate "2023.10.10"]
[SourceQuality "1"]

1. e4 e5 2. Nf3 Nc6 3. Bb5 f5 4. d3 fxe4 5. dxe4 Nf6 6. 0-0 Bc5 7. Nc3 d6 8. Bg5 0-0 9. Nd5 Kh8 10. c3 Bg4 11. h3 Be6 12. a4 a6 13. Bc4 Qd7 14. b4 Ba7 15. Qd3 Nd8 16. Nh4 b5 17. axb5 axb5 18. Bxb5 c6 19. Ba4 Qf7 20. Bxf6 cxd5 21. Bxd8 Bxf2+ 22. Kh1 Raxd8 23. Bc2 d4 24. Qe2 dxc3 25. Nf3 Bb6 26. Nxe5 Qc7 27. Nd3 Bc4 28. Rxf8+ Rxf8 29. Rf1 Qe7 30. Rxf8+ Qxf8 31. Qg4 Qf1+ 32. Kh2 Qg1+ 33. Kg3 Qe3+ 34. Qf3 Qg5+ 35. Kh2 h5 36. Qf8+ Kh7 37. e5 dxe5 38. Nxe5+ Kh6 39. Qh8# 1-0

[Event "NOR-chT 1415"]
[Site "Norway"]
[Date "2015.03.08"]
[Round "11"]
[White "Chavannes, Ivar"]
[Black "Manne, Per Erik"]
[Result "1/2-1/2"]
[WhiteElo "2163"]
[BlackElo "2170"]
[PlyCount "82"]
[EventDate "2014.10.31"]
[EventType "team-tourn"]
[EventRounds "11"]
[EventCountry "NOR"]
[SourceTitle "EXT 2016"]
[Source "ChessBase"]
[SourceDate "2015.10.08"]
[SourceVersion "1"]
[SourceVersionDate "2015.10.08"]
[SourceQuality "1"]
[WhiteTeam "Nordstrand"]
[BlackTeam "SK 96"]
[WhiteTeamCountry "NOR"]
[BlackTeamCountry "NOR"]

1. d4 d5 2. c4 e6 3. Nf3 c5 4. cxd5 exd5 5. g3 Nc6 6. Bg2 Nf6 7. 0-0 Be7 8. Nc3 0-0 9. Bg5 cxd4 10. Nxd4 h6 11. Bf4 Bg4 12. h3 Be6 13. Nxe6 fxe6 14. Qb3 Qb6 15. Nb5 Rac8 16. Be3 Bc5 17. Bxc5 Qxc5 18. Rac1 Qe7 19. Qe3 a6 20. Nd4 Nxd4 21. Qxd4 Rc7 22. Qe5 Rfc8 23. Rxc7 Rxc7 24. e4 dxe4 25. Bxe4 Nxe4 26. Qxe4 Qf6 27. Rd1 Qf5 28. Qd4 Rc2 29. Rd2 Rxd2 30. Qxd2 Qxh3 31. Qd8+ Kh7 32. Qb6 Qf5 33. Qxb7 Qb1+ 34. Kh2 Qxa2 35. Qe4+ Kg8 36. Qa8+ Kf7 37. Qb7+ Kg8 38. Qa8+ Kh7 39. Qe4+ g6 40. Qb7+ Kg8 41. Qe7 Qd5 1/2-1/2

[Event "Bergens Spring A"]
[Site "Bergen"]
[Date "2015.03.03"]
[Round "3"]
[White "Manne, Per Erik"]
[Black "Skoien, Havard"]
[Result "1/2-1/2"]
[WhiteElo "2038"]
[BlackElo "2045"]
[PlyCount "98"]
[EventDate "2015.01.20"]
[EventType "tourn"]
[EventRounds "7"]
[EventCountry "NOR"]
[SourceTitle "EXT 2024"]
[Source "ChessBase"]
[SourceDate "2023.10.10"]
[SourceVersion "1"]
[SourceVersionDate "2023.10.10"]
[SourceQuality "1"]

1. e4 c5 2. Nf3 e6 3. d4 cxd4 4. Nxd4 a6 5. g3 Qc7 6. Bg2 Nc6 7. Ne2 Bc5 8. 0-0 Nge7 9. c4 0-0 10. Nbc3 d6 11. Qd2 Rb8 12. b3 b5 13. cxb5 axb5 14. Bb2 Ba6 15. Rac1 Qa7 16. Nd1 b4 17. Re1 Ne5 18. Nf4 N7g6 19. Nxg6 hxg6 20. Bxe5 dxe5 21. Ne3 Rfd8 22. Qc2 Bd4 23. Bf1 Ra8 24. Nc4 Bxc4 25. Bxc4 Qxa2 26. Qxa2 Rxa2 27. Re2 Rda8 28. Rcc2 Rxc2 29. Rxc2 g5 30. Kg2 Kf8 31. Kf3 Ke7 32. Kg4 f6 33. Bb5 Bc3 34. h4 gxh4 35. Kxh4 Kf7 36. Kg4 Kg6 37. Bd7 Kf7 38. Bb5 Ra7 39. Bc4 Ke7 40. f4 exf4 41. gxf4 Ra1 42. f5 Rg1+ 43. Kf3 exf5 44. exf5 g5 45. fxg6 Rxg6 46. Ra2 Bd4 47. Ra4 Bc5 48. Ra5 Kd6 49. Ra6+ Kc7 1/2-1/2

[Event "NOR-chT 1415"]
[Site "Norway"]
[Date "2015.01.09"]
[Round "4.2"]
[White "Manne, Per Erik"]
[Black "Christiansen, Johan Sebastian"]
[Result "1-0"]
[WhiteElo "2170"]
[BlackElo "2354"]
[PlyCount "91"]
[EventDate "2014.10.31"]
[EventType "team-tourn"]
[EventRounds "11"]
[EventCountry "NOR"]
[SourceTitle "EXT 2016"]
[Source "ChessBase"]
[SourceDate "2015.10.08"]
[SourceVersion "1"]
[SourceVersionDate "2015.10.08"]
[SourceQuality "1"]
[WhiteTeam "SK 96"]
[BlackTeam "Valerenga"]
[WhiteTeamCountry "NOR"]
[BlackTeamCountry "NOR"]

1. e4 c5 2. Nf3 d6 3. d4 cxd4 4. Nxd4 Nf6 5. Nc3 a6 6. g3 e5 7. Nde2 Nbd7 8. a4 b6 9. Bg2 Bb7 10. h3 Be7 11. g4 h6 12. Ng3 g6 13. Be3 Kf8 14. Nd5 Nxd5 15. exd5 Rc8 16. b3 Kg7 17. c4 Qc7 18. 0-0 Rb8 19. f4 exf4 20. Rxf4 Ne5 21. Bd4 Bc8 22. Qe2 Rf8 23. Raf1 Bg5 24. R4f3 f6 25. Bxe5 dxe5 26. Ne4 Bf4 27. Rc3 Qa7 28. Kh1 Bd7 29. c5 bxc5 30. Nxc5 Rbc8 31. b4 Kh7 32. Rxf4 a5 33. Rfc4 axb4 34. Nxd7 Qxd7 35. Rxc8 Rxc8 36. Rxc8 Qxc8 37. Qe3 Qb8 38. Qb3 Qb6 39. a5 Qxa5 40. d6 Qc5 41. Qf7+ Kh8 42. Qxf6+ Kh7 43. Qf7+ Kh8 44. d7 Qc1+ 45. Kh2 Qf4+ 46. Qxf4 1-0

[Event "NOR-chT 1415"]
[Site "Norway"]
[Date "2014.11.02"]
[Round "3.2"]
[White "Gandrud, Vegar Koi"]
[Black "Manne, Per Erik"]
[Result "1-0"]
[WhiteElo "2231"]
[BlackElo "2170"]
[PlyCount "53"]
[EventDate "2014.10.31"]
[EventType "team-tourn"]
[EventRounds "11"]
[EventCountry "NOR"]
[SourceTitle "EXT 2015"]
[Source "ChessBase"]
[SourceDate "2014.11.20"]
[SourceVersion "1"]
[SourceVersionDate "2014.11.20"]
[SourceQuality "1"]
[WhiteTeam "Stavanger"]
[BlackTeam "SK 96"]
[WhiteTeamCountry "NOR"]
[BlackTeamCountry "NOR"]

1. d4 d5 2. c4 e6 3. Nf3 Nf6 4. g3 Be7 5. Bg2 0-0 6. 0-0 dxc4 7. Ne5 c5 8. dxc5 Qxd1 9. Rxd1 Bxc5 10. Nc3 a6 11. Nxc4 Nbd7 12. Bf4 Ra7 13. Na4 b5 14. Nxc5 bxc4 15. Bd6 Rd8 16. Bb8 Rb7 17. Nxb7 Bxb7 18. Bxb7 Rxb8 19. Bxa6 Rxb2 20. Bxc4 Kf8 21. a4 Rb7 22. Bb5 Nc5 23. Rac1 Nb3 24. Rc3 Na5 25. Rd8+ Ke7 26. Ra8 Nd5 27. Ra3 1-0

[Event "NOR-chT West 1Div Nord 1011"]
[Site "Norway"]
[Date "2011.02.12"]
[Round "4.2"]
[White "Karlsen, Terje"]
[Black "Manne, Per Erik"]
[Result "0-1"]
[WhiteElo "2005"]
[BlackElo "2077"]
[PlyCount "48"]
[EventDate "2010.11.06"]
[EventType "team"]
[EventRounds "5"]
[EventCountry "NOR"]
[SourceTitle "EXT 2015"]
[Source "ChessBase"]
[SourceDate "2014.11.20"]
[SourceVersion "1"]
[SourceVersionDate "2014.11.20"]
[SourceQuality "1"]

1. e4 Nf6 2. e5 Nd5 3. Nc3 e6 4. Nxd5 exd5 5. Qf3 c6 6. Qg3 d6 7. d4 dxe5 8. dxe5 Bf5 9. Bg5 Qb6 10. 0-0-0 Bc5 11. Nh3 Nd7 12. Bd3 Bxd3 13. Rxd3 Nf8 14. f4 h6 15. Bh4 Ng6 16. f5 Nxh4 17. Qxh4 Be3+ 18. Kb1 d4 19. e6 0-0 20. Rf1 fxe6 21. f6 Qd8 22. Qe4 Rxf6 23. Re1 Qd5 24. Rexe3 Qxe4 0-1

[Event "Bergen Sommer op"]
[Site "Bergen"]
[Date "2002.07.23"]
[Round "4"]
[White "Stam, Bart"]
[Black "Manne, Per Erik"]
[Result "0-1"]
[WhiteElo "2060"]
[BlackElo "2338"]
[PlyCount "66"]
[EventDate "2002.07.20"]
[EventType "swiss"]
[EventRounds "9"]
[EventCountry "NOR"]
[SourceTitle "CBM 089 Extra"]
[Source "ChessBase"]
[SourceDate "2002.09.10"]
[SourceVersion "2"]
[SourceVersionDate "2002.09.10"]
[SourceQuality "1"]

1. e4 e5 2. Nf3 Nc6 3. Bc4 Nf6 4. Ng5 d5 5. exd5 Na5 6. Bb5+ c6 7. dxc6 bxc6 8. Be2 h6 9. Nf3 e4 10. Ne5 Bd6 11. f4 exf3 12. Nxf3 0-0 13. 0-0 c5 14. Nc3 a6 15. Kh1 Qc7 16. d4 Re8 17. d5 Bb7 18. Bd3 Nxd5 19. Nxd5 Bxd5 20. Bh7+ Kxh7 21. Qxd5 Nc6 22. Bd2 Nb4 23. Qf5+ g6 24. Qh3 Bf4 25. Ng5+ Bxg5 26. Bxg5 h5 27. Rad1 f5 28. Rxf5 gxf5 29. Qxh5+ Kg8 30. Qg6+ Qg7 31. Qxf5 Re5 32. Qf3 Rf8 33. Qb3+ Qf7 0-1

[Event "Bergen Sommer op"]
[Site "Bergen"]
[Date "2002.07.22"]
[Round "3"]
[White "Manne, Per Erik"]
[Black "Johannessen, Leif Erlend"]
[Result "0-1"]
[WhiteElo "2338"]
[BlackElo "2525"]
[PlyCount "78"]
[EventDate "2002.07.20"]
[EventType "swiss"]
[EventRounds "9"]
[EventCountry "NOR"]
[SourceTitle "CBM 089 Extra"]
[Source "ChessBase"]
[SourceDate "2002.09.10"]
[SourceVersion "2"]
[SourceVersionDate "2002.09.10"]
[SourceQuality "1"]

1. d4 d5 2. c4 e6 3. Nc3 c6 4. cxd5 exd5 5. Nf3 Bd6 6. Bg5 Ne7 7. e3 Bf5 8. Bd3 f6 9. Bh4 0-0 10. Bg3 Na6 11. a3 Nc7 12. 0-0 Ne8 13. e4 dxe4 14. Qb3+ Kh8 15. Bxe4 Bxg3 16. hxg3 Bxe4 17. Nxe4 b6 18. Rac1 Qd7 19. Qc4 Nc7 20. b4 Ncd5 21. Nc3 Rfc8 22. Nxd5 Nxd5 23. Qa6 Rab8 24. Qd3 Ra8 25. Qa6 Rc7 26. Rc2 Qc8 27. Qxc8+ Raxc8 28. Rfc1 Kg8 29. Kf1 Kf7 30. Ke2 Ke7 31. Kd3 Kd7 32. Rh1 h6 33. Re1 Ra8 34. Rb1 b5 35. a4 a5 36. bxa5 bxa4 37. Rc5 Rca7 38. Rbc1 Rxa5 39. Rxc6 Nb4+ 0-1

[Event "Nordic-ch"]
[Site "Bergen"]
[Date "2001.08.11"]
[Round "8"]
[White "Lindberg, Bo"]
[Black "Manne, Per Erik"]
[Result "1-0"]
[WhiteElo "2248"]
[BlackElo "2386"]
[PlyCount "115"]
[EventDate "2001.08.04"]
[EventType "swiss"]
[EventRounds "9"]
[EventCountry "NOR"]
[SourceTitle "CBM 083 Extra"]
[Source "ChessBase"]
[SourceDate "2001.09.11"]
[SourceVersion "1"]
[SourceVersionDate "2001.09.11"]
[SourceQuality "1"]

1. d4 d5 2. c4 c6 3. Nc3 Nf6 4. cxd5 cxd5 5. Bf4 Nc6 6. e3 Bf5 7. Qb3 Na5 8. Qa4+ Bd7 9. Bb5 Nc6 10. Nf3 a6 11. Bxc6 Bxc6 12. Qb3 Nh5 13. 0-0 Nxf4 14. exf4 e6 15. Ne5 Bd6 16. Rac1 0-0 17. Rc2 Rb8 18. g3 Be8 19. Nd3 Qa5 20. a3 g6 21. Rfc1 Bd7 22. Ne5 Rfd8 23. Nxd7 Rxd7 24. Na4 Rdd8 25. Nc5 b5 26. Qc3 Qb6 27. b4 Ra8 28. Nb3 Qb7 29. Qc6 Qa7 30. Na5 Bf8 31. Qb7 Qxb7 32. Nxb7 Rd7 33. Na5 Bg7 34. Rc8+ Rd8 35. Rxd8+ Rxd8 36. Rc7 Ra8 37. Nc6 Bf6 38. Kf1 h5 39. Ke2 Kf8 40. Kd3 Bd8 41. Rb7 Ke8 42. h3 Bf6 43. Rb8+ Rxb8 44. Nxb8 a5 45. bxa5 Kd8 46. a6 Kc7 47. a7 Kb7 48. Nc6 h4 49. Kc3 hxg3 50. fxg3 g5 51. fxg5 Bxg5 52. h4 Bc1 53. h5 f6 54. Kb4 e5 55. dxe5 fxe5 56. Nxe5 Kxa7 57. Kxb5 Bxa3 58. h6 1-0